| 000 | 00586nam a2200193Ia 4500 | ||
|---|---|---|---|
| 005 | 20250923145139.0 | ||
| 008 | 008 250917s9999 xx 000 0 eng d | ||
| 037 | _aTextual | ||
| 040 |
_aDSWL _beng _cDSWL |
||
| 041 |
_aeng _2eng |
||
| 084 |
_aYobTx2,N6, N67 _qDSWL |
||
| 245 | 0 |
_aPapers in the Sociology of Education in India _cEd.by Suma Chitnis |
|
| 260 |
_bNational Council of Educational Research and Training _c1967 |
||
| 300 | _avii,504p. | ||
| 365 |
_aINR _b8.75 |
||
| 925 | _g8.75 | ||
| 942 |
_cTEXL _hYobTx2,N6, N67 |
||
| 999 |
_c1447724 _d1447724 |
||